Wordt geladen...

Thirayum Kaalavum

Bibliografische gegevens
Hoofdauteur: P Sakeer Hussain
Formaat: Printed Book
Gepubliceerd in: 2017.0
LEADER 00298nam a2200109 4500
082
100 |a P Sakeer Hussain  
245 |a Thirayum Kaalavum  |c P Sakeer Hussain  
260 |a 2017.0 
942 |c BK 
999 |c 199082  |d 199082 
952 |0 0  |1 0  |4 0  |7 0  |9 212431  |a DCI  |b DCI  |d 2019-10-29  |l 0  |p DCI5815  |r 2019-10-29  |w 2019-10-29  |y BK